00297nam a2200121Ia 4500008004100000082002000041100001700061245001700078250000800095260004500103300001000148650001700158150201s2007 xx 000 0 und d a612.015bB2007H aHAMES ,DAVID aBIOCHEMISTRY a3RD bGARLAND SCIENCE PUBLICATIONaDELHIc2007 a1-438 aBIOCHEMISTRY